[Event "4rd Memory of Nebesna Sotnya-2017 B"]
[Site "Lutsk"]
[Date "2017.02.17"]
[Round "12.5"]
[White "Mirzoev, Emil"]
[Black "Mikhaletz, Lubomir"]
[Result "1-0"]
[WhiteElo "2463"]
[BlackElo "2332"]
[PlyCount "104"]
[EventDate "2017.02.17"]
[EventType "swiss (blitz)"]
[EventRounds "15"]
[EventCountry "UKR"]

1. d4 d6 2. c4 e5 3. Nf3 e4 4. Ng5 f5 5. Nc3 Be7 6. Nh3 Be6 7. Nf4 Bf7 8. g3
Nf6 9. h4 c6 10. b3 O-O 11. e3 a6 12. Bb2 b5 13. Qc2 Nbd7 14. Bh3 g6 15. Bf1
Nb6 16. Nb1 Qd7 17. Nd2 a5 18. a4 bxa4 19. bxa4 Rfb8 20. Be2 Qc7 21. Kf1 Nbd7
22. Kg2 Rb7 23. Bc3 Nb8 24. Nb3 Bd8 25. Rhb1 Qd7 26. Qd2 Rba7 27. Nxa5 Bxa5 28.
Bxa5 Rxa5 29. Rxb8+ Rxb8 30. Qxa5 h6 31. Qc3 Qe7 32. a5 g5 33. hxg5 hxg5 34.
Nh3 Nh5 35. a6 f4 36. exf4 gxf4 37. Nxf4 Nxf4+ 38. gxf4 Kf8 39. a7 Ra8 40. Qb4
Be8 41. Ra5 Qg7+ 42. Rg5 Qxd4 43. Qb8 Rxa7 44. c5 Rf7 45. cxd6 Rxf4 46. Rg8+
Kxg8 47. Qxe8+ Kg7 48. Qe7+ Kg6 49. Qe8+ Kf5 50. Qf7+ Ke5 51. Qg7+ Kd5 52. Qg5+
Qe5 1-0

[Event "4rd Memory of Nebesna Sotnya-2017 B"]
[Site "Lutsk"]
[Date "2017.02.17"]
[Round "12.6"]
[White "Budnikov, Oleg"]
[Black "Maliutin, Oleksandr"]
[Result "1-0"]
[WhiteElo "2418"]
[BlackElo "2180"]
[PlyCount "50"]
[EventDate "2017.02.17"]
[EventType "swiss (blitz)"]
[EventRounds "15"]
[EventCountry "UKR"]

1. Nf3 Nf6 2. c4 g6 3. Nc3 Bg7 4. e4 d6 5. d4 O-O 6. Be2 Nbd7 7. O-O c5 8. d5
a6 9. a4 Qc7 10. h3 Re8 11. Bf4 b6 12. Qd2 Bb7 13. Rae1 Rad8 14. Bd3 e6 15. b3
exd5 16. cxd5 Nh5 17. Bg5 Ne5 18. Nxe5 Bxe5 19. Bxd8 Qxd8 20. f4 Bd4+ 21. Kh2
Qh4 22. Rf3 Nf6 23. g3 Bc8 24. Ne2 h5 25. Nxd4 cxd4 1-0

[Event "4rd Memory of Nebesna Sotnya-2017 B"]
[Site "Lutsk"]
[Date "2017.02.17"]
[Round "12.7"]
[White "Bogdanovich, Stanislav"]
[Black "Peng, Li Min"]
[Result "1-0"]
[WhiteElo "2714"]
[BlackElo "2296"]
[PlyCount "81"]
[EventDate "2017.02.17"]
[EventType "swiss (blitz)"]
[EventRounds "15"]
[EventCountry "UKR"]

1. d4 g6 2. e4 Bg7 3. Nc3 d6 4. Be3 a6 5. Qd2 b5 6. O-O-O Bb7 7. f3 Nd7 8. h4
h5 9. Nh3 Rc8 10. Kb1 c5 11. dxc5 Nxc5 12. Nd5 Bxd5 13. exd5 Na4 14. Bd4 Bxd4
15. Qxd4 Nf6 16. Nf4 Qb6 17. Qd2 b4 18. Re1 Kf8 19. Bd3 Qd4 20. Qc1 Nxd5 21.
Nxd5 Qxd5 22. Qf4 Rb8 23. Ka1 Kg7 24. Rxe7 Rhf8 25. Rhe1 Nc5 26. Bc4 Qf5 27.
Qxf5 gxf5 28. Kb1 Kf6 29. R7e2 Rg8 30. Rd1 Rb6 31. Kc1 a5 32. Kd2 Ne6 33. Ke3
Rc8 34. b3 a4 35. Kf2 axb3 36. axb3 Rg8 37. Red2 Ke7 38. Rd5 Kf6 39. Rxd6 Rbb8
40. Re1 Rbe8 41. Rb6 1-0

[Event "4rd Memory of Nebesna Sotnya-2017 B"]
[Site "Lutsk"]
[Date "2017.02.17"]
[Round "12.8"]
[White "Onischuk, Vladimir"]
[Black "Rakhmangulov, Andrei"]
[Result "1-0"]
[WhiteElo "2684"]
[BlackElo "2315"]
[PlyCount "75"]
[EventDate "2017.02.17"]
[EventType "swiss (blitz)"]
[EventRounds "15"]
[EventCountry "UKR"]

1. e4 d6 2. d4 Nf6 3. Nc3 e5 4. Nf3 Nbd7 5. g3 c6 6. a4 Be7 7. Bg2 O-O 8. O-O
Qc7 9. Re1 Re8 10. h3 a5 11. g4 Nf8 12. Be3 Ng6 13. Qd2 Be6 14. Rad1 Bc4 15.
Qc1 Rad8 16. Nd2 Be6 17. d5 Bc8 18. b3 h5 19. f3 hxg4 20. fxg4 Nh7 21. Nc4 c5
22. Nb5 Qb8 23. Nxa5 Nf4 24. Bxf4 exf4 25. Qxf4 Bh4 26. Rf1 Re7 27. Nc4 Bg5 28.
Qg3 Bf6 29. h4 Be5 30. Nxe5 Rxe5 31. Na3 Qc7 32. Nc4 Re7 33. e5 Qd7 34. exd6
Ree8 35. g5 Nf8 36. Rde1 Ng6 37. h5 Nf8 38. Nb6 1-0

[Event "4rd Memory of Nebesna Sotnya-2017 B"]
[Site "Lutsk"]
[Date "2017.02.17"]
[Round "13.1"]
[White "Alexikov, Alexander"]
[Black "Bortnyk, Mykola"]
[Result "0-1"]
[WhiteElo "2339"]
[BlackElo "2624"]
[PlyCount "94"]
[EventDate "2017.02.17"]
[EventType "swiss (blitz)"]
[EventRounds "15"]
[EventCountry "UKR"]

1. d4 d5 2. Nf3 Nf6 3. e3 e6 4. Bd3 c5 5. b3 Nc6 6. Bb2 cxd4 7. exd4 Be7 8. O-O
O-O 9. Nbd2 Bd7 10. Ne5 Rc8 11. a3 Be8 12. Qf3 Qb6 13. Qf4 g6 14. Rfe1 Nxe5 15.
dxe5 Nh5 16. Qg4 Bb5 17. c4 dxc4 18. Nxc4 Bxc4 19. Bxc4 Bc5 20. Re2 a5 21. Kf1
Rfd8 22. Qe4 Ng7 23. g4 Bd4 24. Rb1 Bxb2 25. Rbxb2 Rd1+ 26. Kg2 Rd4 27. Qf3 h5
28. h3 Qd8 29. a4 hxg4 30. hxg4 Qg5 31. Re4 Nf5 32. Rxd4 Nh4+ 33. Kg3 Nxf3 34.
Kxf3 Qxe5 35. Rbd2 Kg7 36. Re4 Qc3+ 37. Rd3 Qf6+ 38. Rf4 Qe7 39. Rfd4 Rh8 40.
Rd7 Qf6+ 41. Ke2 Qb2+ 42. Ke3 Rh3+ 43. Kf4 Qxf2+ 44. Ke4 Qe2+ 45. Kd4 Rxd3+ 46.
Bxd3 Qxg4+ 47. Kc5 Qb4# 0-1

[Event "4rd Memory of Nebesna Sotnya-2017 B"]
[Site "Lutsk"]
[Date "2017.02.17"]
[Round "13.2"]
[White "Gritsak, Orest"]
[Black "Mirzoev, Emil"]
[Result "1-0"]
[WhiteElo "2497"]
[BlackElo "2463"]
[PlyCount "75"]
[EventDate "2017.02.17"]
[EventType "swiss (blitz)"]
[EventRounds "15"]
[EventCountry "UKR"]

1. Nf3 Nf6 2. c4 g6 3. g3 Bg7 4. Bg2 O-O 5. O-O d6 6. Nc3 Nc6 7. d3 Nh5 8. Bg5
f5 9. Qd2 Bd7 10. Bh6 e5 11. Bxg7 Kxg7 12. b4 Nf6 13. b5 Ne7 14. a4 Rb8 15. a5
h6 16. c5 Be6 17. cxd6 cxd6 18. Qb2 g5 19. b6 a6 20. Rfc1 Nc6 21. e3 Qd7 22.
Nd2 f4 23. Nde4 Nxe4 24. Nxe4 f3 25. Bh1 Rbd8 26. d4 exd4 27. exd4 Bd5 28. Nc3
Qf5 29. Qb1 g4 30. Qxf5 Rxf5 31. h3 h5 32. Re1 Kf7 33. Re3 Nxd4 34. Rd1 Ne2+
35. Nxe2 fxe2 36. Bxd5+ Kg7 37. Rxe2 gxh3 38. Bxb7 1-0

[Event "4rd Memory of Nebesna Sotnya-2017 B"]
[Site "Lutsk"]
[Date "2017.02.17"]
[Round "13.3"]
[White "Polyakov, Maxim"]
[Black "Budnikov, Oleg"]
[Result "0-1"]
[WhiteElo "2402"]
[BlackElo "2418"]
[PlyCount "96"]
[EventDate "2017.02.17"]
[EventType "swiss (blitz)"]
[EventRounds "15"]
[EventCountry "UKR"]

1. d4 Nf6 2. Nf3 e6 3. e3 b6 4. Bd3 Bb7 5. O-O c5 6. c4 cxd4 7. exd4 d5 8. Nc3
Be7 9. cxd5 Nxd5 10. Qa4+ Bc6 11. Bb5 Bxb5 12. Qxb5+ Qd7 13. Nxd5 exd5 14.
Qxd7+ Nxd7 15. Re1 f6 16. Bf4 Kf7 17. Rac1 Rac8 18. h3 Bb4 19. Bd2 Bxd2 20.
Nxd2 Nb8 21. Nb1 Nc6 22. Nc3 Nxd4 23. Rcd1 Nc2 24. Re2 Nb4 25. a3 Nc6 26. Rxd5
Rhd8 27. Red2 Rxd5 28. Rxd5 Ke6 29. f4 Ne7 30. Rd4 h5 31. g4 hxg4 32. hxg4 Nc6
33. Re4+ Kd7 34. Nb5 a6 35. Nd4 Nxd4 36. Rxd4+ Ke6 37. Rb4 b5 38. a4 Rc4 39.
Rxc4 bxc4 40. Kf2 Kd5 41. Ke3 Kc5 42. Ke4 Kb4 43. Kd4 g6 44. Kd5 Kb3 45. a5 Kb4
46. f5 gxf5 47. gxf5 Kb3 48. Ke6 Kxb2 0-1

[Event "4rd Memory of Nebesna Sotnya-2017 B"]
[Site "Lutsk"]
[Date "2017.02.17"]
[Round "13.4"]
[White "Bogdanovich, Stanislav"]
[Black "Razin, Vadim"]
[Result "1-0"]
[WhiteElo "2714"]
[BlackElo "2416"]
[PlyCount "99"]
[EventDate "2017.02.17"]
[EventType "swiss (blitz)"]
[EventRounds "15"]
[EventCountry "UKR"]

1. d4 d5 2. c4 dxc4 3. Nf3 Nf6 4. e3 c5 5. Bxc4 e6 6. O-O Nc6 7. Nc3 Be7 8.
dxc5 Bxc5 9. Qxd8+ Kxd8 10. e4 Ke7 11. e5 Nd7 12. Bf4 Nd4 13. Nd2 a6 14. Nde4
Ba7 15. Rfd1 b5 16. Bf1 Bb7 17. Nd6 Bc6 18. Rac1 Rhd8 19. Nce4 Bd5 20. Be3 Bxe4
21. Nxe4 Nf5 22. Bg5+ f6 23. exf6+ gxf6 24. Nxf6 Nxf6 25. Rc7+ Kf8 26. Rxd8+
Rxd8 27. Rxa7 Rd7 28. Rxd7 Nxd7 29. Bd3 Nc5 30. Bc2 Kg7 31. Kf1 Nd4 32. Be3 e5
33. Bxd4 exd4 34. Ke2 h6 35. b4 Ne6 36. g3 Kf6 37. f4 Nc7 38. Bb3 Ke7 39. Kd3
Kd6 40. Kxd4 Ne8 41. g4 Nf6 42. g5 hxg5 43. fxg5 Nh5 44. h4 Ng3 45. Bc2 Ne2+
46. Ke3 Ng3 47. Kf3 Nh5 48. Kg4 Ng7 49. h5 Ke5 50. h6 1-0

[Event "4rd Memory of Nebesna Sotnya-2017 B"]
[Site "Lutsk"]
[Date "2017.02.17"]
[Round "13.5"]
[White "Onischuk, Vladimir"]
[Black "Bordovsky, Vladimir"]
[Result "1-0"]
[WhiteElo "2684"]
[BlackElo "2378"]
[PlyCount "92"]
[EventDate "2017.02.17"]
[EventType "swiss (blitz)"]
[EventRounds "15"]
[EventCountry "UKR"]

1. e4 e5 2. Nf3 Nc6 3. Bb5 d6 4. O-O Bd7 5. c3 Nf6 6. Re1 a6 7. Ba4 Be7 8. d3
O-O 9. Nbd2 Re8 10. Nf1 Bf8 11. Ng3 g6 12. h3 Bg7 13. d4 b5 14. Bc2 a5 15. d5
Nb8 16. a4 bxa4 17. Bxa4 Bxa4 18. Qxa4 c6 19. dxc6 Qc7 20. Bg5 Nxc6 21. Bxf6
Bxf6 22. Nf1 Reb8 23. Ne3 Ne7 24. Ra2 Bg7 25. Qc4 Qc6 26. Rd1 Bf8 27. Qxc6 Nxc6
28. Nd5 Kg7 29. Nd2 a4 30. Nc4 Ra6 31. Rda1 Rba8 32. b4 Rb8 33. Rxa4 Rxa4 34.
Rxa4 Nd8 35. Kf1 Ne6 36. Ke2 Rc8 37. Kd3 f5 38. f3 fxe4+ 39. fxe4 Ng5 40. Nce3
Ne6 41. g3 h5 42. h4 Kh6 43. Ra7 Bg7 44. Re7 Nf8 45. b5 Rb8 46. b6 Nh7 1-0

[Event "4rd Memory of Nebesna Sotnya-2017 B"]
[Site "Lutsk"]
[Date "2017.02.17"]
[Round "13.6"]
[White "Kislinsky, Alexey"]
[Black "Ianov, Viktor"]
[Result "1-0"]
[WhiteElo "2590"]
[BlackElo "2418"]
[PlyCount "43"]
[EventDate "2017.02.17"]
[EventType "swiss (blitz)"]
[EventRounds "15"]
[EventCountry "UKR"]

1. e4 d6 2. Nc3 Nf6 3. f4 g6 4. d4 Bg7 5. Nf3 O-O 6. e5 dxe5 7. fxe5 Nd5 8. Bc4
c6 9. O-O Bg4 10. Ne4 Nd7 11. h3 Bxf3 12. Qxf3 Qb6 13. Qf2 Rad8 14. Bb3 Qc7 15.
c4 N5b6 16. Bf4 Qc8 17. Qh4 f6 18. Bh6 Qc7 19. Rae1 Bxh6 20. Qxh6 fxe5 21. Ng5
Nf6 22. Ne6 1-0

[Event "4rd Memory of Nebesna Sotnya-2017 B"]
[Site "Lutsk"]
[Date "2017.02.17"]
[Round "13.7"]
[White "Bernadskiy, Vitaliy"]
[Black "Grekh, Andrey"]
[Result "1/2-1/2"]
[WhiteElo "2507"]
[BlackElo "2347"]
[PlyCount "59"]
[EventDate "2017.02.17"]
[EventType "swiss (blitz)"]
[EventRounds "15"]
[EventCountry "UKR"]

1. d4 Nf6 2. c4 e6 3. Nc3 Bb4 4. e3 O-O 5. Nge2 d5 6. a3 Be7 7. Nf4 b6 8. cxd5
Nxd5 9. e4 Nxc3 10. bxc3 c5 11. Be3 cxd4 12. cxd4 Bb7 13. Bd3 Nc6 14. e5 g6 15.
Ne2 Rc8 16. O-O Na5 17. Ng3 Nc4 18. Qe2 Nxe3 19. fxe3 f5 20. exf6 Bxf6 21. Be4
Bd5 22. Qg4 Bg7 23. h4 Rc3 24. Rxf8+ Qxf8 25. Rf1 Qe7 26. Rf3 Rc8 27. h5 Bxe4
28. Nxe4 gxh5 29. Qxh5 Rf8 30. Rg3 1/2-1/2

[Event "4rd Memory of Nebesna Sotnya-2017 B"]
[Site "Lutsk"]
[Date "2017.02.17"]
[Round "13.8"]
[White "Firman, Nazar"]
[Black "Klymchuk, Andriy"]
[Result "0-1"]
[WhiteElo "2419"]
[BlackElo "2495"]
[PlyCount "48"]
[EventDate "2017.02.17"]
[EventType "swiss (blitz)"]
[EventRounds "15"]
[EventCountry "UKR"]

1. e4 c5 2. Nf3 Nc6 3. Bb5 g6 4. O-O Bg7 5. Bxc6 bxc6 6. c3 d6 7. d4 cxd4 8.
cxd4 Nh6 9. Nc3 O-O 10. Re1 f6 11. Be3 Nf7 12. Rc1 Bd7 13. h3 Qa5 14. Nd2 f5
15. Nb3 Qd8 16. e5 dxe5 17. dxe5 Nxe5 18. Nc5 Bc8 19. Bd4 Qxd4 20. Qb3+ Qc4 21.
Qxc4+ Nxc4 22. Rxe7 Nxb2 23. Rce1 Bxc3 24. Rc1 Bb4 0-1

[Event "4rd Memory of Nebesna Sotnya-2017 B"]
[Site "Lutsk"]
[Date "2017.02.17"]
[Round "14.1"]
[White "Bortnyk, Mykola"]
[Black "Onischuk, Vladimir"]
[Result "1-0"]
[WhiteElo "2624"]
[BlackElo "2684"]
[PlyCount "93"]
[EventDate "2017.02.17"]
[EventType "swiss (blitz)"]
[EventRounds "15"]
[EventCountry "UKR"]

1. e4 d6 2. d4 Nf6 3. Nc3 g6 4. h3 Bg7 5. g4 O-O 6. Nge2 c5 7. Bg2 cxd4 8. Nxd4
Nc6 9. Be3 Nd7 10. O-O Nb6 11. b3 Bd7 12. Qd2 Rc8 13. Nce2 Re8 14. Rad1 Nxd4
15. Nxd4 Bc6 16. c4 Nd7 17. f4 Qc7 18. g5 a6 19. Ne2 Nc5 20. Ng3 Rcd8 21. h4 b5
22. Rc1 Qb7 23. cxb5 axb5 24. Qc2 b4 25. Kh2 Bc3 26. h5 Ra8 27. h6 Qa6 28. Rf2
Qd3 29. Bxc5 Qxc2 30. Rcxc2 dxc5 31. e5 Bxg2 32. Kxg2 f6 33. Ne4 Bd4 34. gxf6
Bxf2 35. Kxf2 Rac8 36. Kf3 Red8 37. fxe7 Rd3+ 38. Kg4 Kf7 39. Nd6+ Rxd6 40.
exd6 Ke6 41. Rxc5 Re8 42. Rd5 Kd7 43. f5 gxf5+ 44. Kxf5 Ra8 45. Re5 Re8 46. Kf6
Kxd6 47. Kf7 1-0

[Event "4rd Memory of Nebesna Sotnya-2017 B"]
[Site "Lutsk"]
[Date "2017.02.17"]
[Round "14.2"]
[White "Klymchuk, Andriy"]
[Black "Gritsak, Orest"]
[Result "1/2-1/2"]
[WhiteElo "2495"]
[BlackElo "2497"]
[PlyCount "69"]
[EventDate "2017.02.17"]
[EventType "swiss (blitz)"]
[EventRounds "15"]
[EventCountry "UKR"]

1. e4 c6 2. d4 d5 3. e5 Bf5 4. Nc3 Qb6 5. Na4 Qc7 6. g4 Bd7 7. Nc5 e6 8. Nxd7
Nxd7 9. c3 Ne7 10. Bd3 c5 11. Ne2 Nc6 12. O-O Qb6 13. Be3 Be7 14. f4 cxd4 15.
cxd4 O-O-O 16. a3 Kb8 17. b4 Rc8 18. Qd2 f6 19. Rac1 h5 20. g5 a5 21. b5 Na7
22. a4 f5 23. g6 Rh6 24. Kh1 Bb4 25. Rxc8+ Nxc8 26. Qc2 Rxg6 27. Ng1 Qc7 28.
Qe2 Rh6 29. Rc1 Qd8 30. Nf3 Ncb6 31. Ng5 Qe7 32. Qc2 Rh8 33. Qd1 g6 34. Nf3 Rc8
35. Ng1 1/2-1/2

[Event "4rd Memory of Nebesna Sotnya-2017 B"]
[Site "Lutsk"]
[Date "2017.02.17"]
[Round "14.3"]
[White "Razin, Vadim"]
[Black "Budnikov, Oleg"]
[Result "1-0"]
[WhiteElo "2416"]
[BlackElo "2418"]
[PlyCount "141"]
[EventDate "2017.02.17"]
[EventType "swiss (blitz)"]
[EventRounds "15"]
[EventCountry "UKR"]

1. d4 g6 2. e4 Bg7 3. Nc3 d6 4. Nf3 a6 5. a4 b6 6. Bc4 e6 7. O-O Bb7 8. Qe2 Ne7
9. Be3 Nd7 10. Rad1 h6 11. Rfe1 g5 12. d5 e5 13. Qd2 Ng6 14. Rf1 O-O 15. Ne2 f5
16. exf5 Rxf5 17. Ng3 Rxf3 18. gxf3 Nh4 19. Kh1 Qf6 20. Be2 Rf8 21. Qc3 Qd8 22.
Qd3 Nf6 23. c4 Bc8 24. b4 Qe8 25. c5 bxc5 26. bxc5 Qxa4 27. cxd6 cxd6 28. Ne4
Qd7 29. Nxf6+ Rxf6 30. Rg1 Qf7 31. Rg3 Bf5 32. Qxa6 e4 33. Qc4 exf3 34. Bf1 Bg6
35. Bd4 Rf4 36. Qc8+ Kh7 37. Bxg7 Qxg7 38. Qe6 Rf6 39. Qc8 Be4 40. Rc1 Nf5 41.
Rg1 Bxd5 42. Rc7 Rf7 43. Rxf7 Qxf7 44. Bd3 Be6 45. Qc2 Kg7 46. Re1 Nd4 47. Qc3
Qf6 48. Qb2 Bf7 49. Rc1 Qe5 50. Bf1 Ne6 51. Qa3 Qf4 52. Qc3+ Qe5 53. Qxf3 Nd4
54. Qe3 Bd5+ 55. Bg2 Bxg2+ 56. Kxg2 Qd5+ 57. f3 Nf5 58. Rc7+ Kf8 59. Qc3 Nd4
60. Rc8+ Ke7 61. Qc7+ Kf6 62. Rf8+ Kg6 63. Qc3 Kh5 64. Qd3 Qc5 65. Rg8 Nf5 66.
Re8 Nh4+ 67. Kh3 Qf2 68. Qe2 Qg1 69. Re6 d5 70. Re5 Ng6 71. f4+ 1-0

[Event "4rd Memory of Nebesna Sotnya-2017 B"]
[Site "Lutsk"]
[Date "2017.02.17"]
[Round "14.4"]
[White "Solovchuk, Alexey"]
[Black "Alexikov, Alexander"]
[Result "0-1"]
[WhiteElo "2356"]
[BlackElo "2339"]
[PlyCount "96"]
[EventDate "2017.02.17"]
[EventType "swiss (blitz)"]
[EventRounds "15"]
[EventCountry "UKR"]

1. c4 Nf6 2. Nc3 d6 3. g3 e5 4. Bg2 Be7 5. d3 O-O 6. Nf3 Re8 7. O-O c6 8. Rb1
a5 9. a3 Bg4 10. h3 Bh5 11. g4 Bg6 12. Nh4 Nfd7 13. Nxg6 hxg6 14. b4 axb4 15.
axb4 Qc7 16. b5 Nc5 17. e3 Bf6 18. Qc2 Nbd7 19. bxc6 bxc6 20. Bd2 Ra3 21. Ra1
Rea8 22. Rxa3 Rxa3 23. Rb1 Kh7 24. Bc1 Ra6 25. Ne2 Qa7 26. Bb2 Rb6 27. Ra1 Qb7
28. Bc3 Nf8 29. d4 exd4 30. exd4 Nb3 31. Rd1 Qb8 32. f4 c5 33. d5 Nd7 34. h4
Bxc3 35. Qxc3 Nf6 36. g5 Nh5 37. Bf3 Qc8 38. Kg2 Qf5 39. Qe3 Nd4 40. Bxh5 gxh5
41. Nxd4 Qg4+ 42. Kf2 Qxd1 43. Qe4+ g6 44. Ne2 Rb2 45. Qe7 Qd4+ 46. Kf3 Qd3+
47. Kf2 Qf5 48. Qxd6 Qe4 0-1

[Event "4rd Memory of Nebesna Sotnya-2017 B"]
[Site "Lutsk"]
[Date "2017.02.17"]
[Round "14.5"]
[White "Zubarev, Alexander"]
[Black "Kislinsky, Alexey"]
[Result "1-0"]
[WhiteElo "2402"]
[BlackElo "2590"]
[PlyCount "91"]
[EventDate "2017.02.17"]
[EventType "swiss (blitz)"]
[EventRounds "15"]
[EventCountry "UKR"]

1. d4 Nf6 2. c4 c5 3. d5 g6 4. Nc3 Bg7 5. e4 d6 6. h3 O-O 7. Nf3 e6 8. Bd3 Na6
9. O-O e5 10. a3 h6 11. Rb1 Ne8 12. b4 f5 13. Nd2 f4 14. Nb5 h5 15. Be2 b6 16.
Rb3 Rf7 17. Bb2 Nf6 18. Kh2 Bf8 19. Nf3 Nh7 20. Bxe5 dxe5 21. Nxe5 Rg7 22. Nc6
Qh4 23. e5 g5 24. d6 g4 25. Bd3 g3+ 26. Kg1 Bxh3 27. Bxh7+ Kxh7 28. fxg3 Rxg3
29. Rxg3 Qxg3 30. Qc2+ Kh6 31. e6 Bg7 32. d7 Bf6 33. e7 Rg8 34. e8=Q Bxg2 35.
Qxg8 Qxg8 36. Qxg2 Qxc4 37. d8=Q Bxd8 38. Nxd8 Nc7 39. Nxc7 Qd4+ 40. Kh1 Qxd8
41. Ne6 Qh4+ 42. Kg1 Qf6 43. Qg7+ Qxg7+ 44. Nxg7 Kxg7 45. bxc5 bxc5 46. Rxf4
1-0

[Event "4rd Memory of Nebesna Sotnya-2017 B"]
[Site "Lutsk"]
[Date "2017.02.17"]
[Round "14.7"]
[White "Matviishen, Viktor"]
[Black "Bernadskiy, Vitaliy"]
[Result "0-1"]
[WhiteElo "2375"]
[BlackElo "2507"]
[PlyCount "52"]
[EventDate "2017.02.17"]
[EventType "swiss (blitz)"]
[EventRounds "15"]
[EventCountry "UKR"]

1. d4 Nf6 2. c4 d6 3. Nf3 Nbd7 4. Nc3 e5 5. g3 g6 6. Bg2 Bg7 7. O-O O-O 8. e4
a6 9. Re1 Rb8 10. b3 exd4 11. Nxd4 Ne5 12. Bb2 c5 13. Nf3 Bg4 14. Re3 b5 15.
cxb5 axb5 16. Ne2 Bxf3 17. Bxf3 Nfg4 18. Bxg4 Nxg4 19. Rc3 b4 20. Rc2 Bxb2 21.
Rxb2 Qf6 22. Nd4 Qxd4 23. Rd2 Qxe4 24. Rxd6 Ne5 25. Qc1 Nf3+ 26. Kf1 Nd4 0-1

[Event "4rd Memory of Nebesna Sotnya-2017 B"]
[Site "Lutsk"]
[Date "2017.02.17"]
[Round "14.8"]
[White "Grekh, Andrey"]
[Black "Mirzoev, Emil"]
[Result "1-0"]
[WhiteElo "2347"]
[BlackElo "2463"]
[PlyCount "77"]
[EventDate "2017.02.17"]
[EventType "swiss (blitz)"]
[EventRounds "15"]
[EventCountry "UKR"]

1. e4 Nf6 2. e5 Nd5 3. d4 d6 4. Nf3 Nb6 5. Be2 g6 6. O-O Bg7 7. exd6 cxd6 8. c4
O-O 9. Nc3 Bg4 10. b3 Nc6 11. Be3 e6 12. h3 Bxf3 13. Bxf3 d5 14. c5 Nc8 15. Qd2
N8e7 16. Rfd1 Nf5 17. Ne2 a5 18. Bg4 Nxe3 19. Qxe3 a4 20. b4 Nxb4 21. Rab1 Nc6
22. Rxb7 Na5 23. Rb4 a3 24. Qxa3 Nc4 25. Qb3 Ra3 26. Qc2 Qa5 27. Rxc4 dxc4 28.
Qxc4 Rxa2 29. c6 Qa4 30. Rc1 Qxc4 31. Rxc4 Rc8 32. Bf3 Rc7 33. Nc1 Rd2 34. Nb3
Rd3 35. Nc5 Rxd4 36. Rc2 Rb4 37. Na6 Rc8 38. Nxb4 Rb8 39. c7 1-0

[Event "4rd Memory of Nebesna Sotnya-2017 B"]
[Site "Lutsk"]
[Date "2017.02.17"]
[Round "15.1"]
[White "Klymchuk, Andriy"]
[Black "Bortnyk, Mykola"]
[Result "1/2-1/2"]
[WhiteElo "2495"]
[BlackElo "2624"]
[PlyCount "35"]
[EventDate "2017.02.17"]
[EventType "swiss (blitz)"]
[EventRounds "15"]
[EventCountry "UKR"]

1. g3 g6 2. Bg2 Bg7 3. c4 c5 4. Nc3 d6 5. Rb1 a5 6. h4 h5 7. Nh3 Nc6 8. d3 e5
9. Nd5 Rb8 10. O-O Nce7 11. Nc3 Nc6 12. Nd5 Nce7 13. Nc3 Nc6 14. Ng5 Nge7 15.
a3 O-O 16. Nge4 Be6 17. Bd2 b6 18. e3 1/2-1/2

[Event "4rd Memory of Nebesna Sotnya-2017 B"]
[Site "Lutsk"]
[Date "2017.02.17"]
[Round "15.3"]
[White "Alexikov, Alexander"]
[Black "Grekh, Andrey"]
[Result "0-1"]
[WhiteElo "2339"]
[BlackElo "2347"]
[PlyCount "66"]
[EventDate "2017.02.17"]
[EventType "swiss (blitz)"]
[EventRounds "15"]
[EventCountry "UKR"]

1. e4 c5 2. Nf3 e6 3. c3 d5 4. exd5 Qxd5 5. d4 cxd4 6. cxd4 Nf6 7. Nc3 Qd6 8.
Be2 Be7 9. O-O Nc6 10. Nb5 Qd8 11. Bf4 Nd5 12. Bg3 a6 13. Nc3 O-O 14. Rc1 Bf6
15. Ne4 Be7 16. Bd3 f5 17. Nc5 f4 18. Qe2 Bxc5 19. Rxc5 fxg3 20. hxg3 Nf6 21.
Qe3 Bd7 22. Ng5 h6 23. Nxe6 Bxe6 24. Qxe6+ Kh8 25. d5 Nb4 26. Bb1 Nbxd5 27. Qf5
Rc8 28. Rfc1 Rxc5 29. Rxc5 Qd6 30. Rc8 Qe7 31. Kh2 Rxc8 32. Qxc8+ Qe8 33. Qxb7
Ng4+ 0-1

[Event "4rd Memory of Nebesna Sotnya-2017 B"]
[Site "Lutsk"]
[Date "2017.02.17"]
[Round "15.4"]
[White "Bernadskiy, Vitaliy"]
[Black "Razin, Vadim"]
[Result "0-1"]
[WhiteElo "2507"]
[BlackElo "2416"]
[PlyCount "126"]
[EventDate "2017.02.17"]
[EventType "swiss (blitz)"]
[EventRounds "15"]
[EventCountry "UKR"]

1. c4 e6 2. Nc3 d5 3. d4 dxc4 4. e4 c5 5. d5 Nf6 6. Bxc4 exd5 7. Nxd5 Nxd5 8.
Bxd5 Bd6 9. Nf3 O-O 10. O-O Qc7 11. h3 Nc6 12. Be3 Ne7 13. Bb3 b6 14. Re1 Bb7
15. Bc2 Ng6 16. Qe2 Rfe8 17. Nd2 Rad8 18. Rad1 Qe7 19. Nc4 Bb8 20. f3 Qc7 21.
Kf1 Ba6 22. b3 Qe7 23. Kg1 Qc7 24. Kf1 Qc8 25. Rxd8 Rxd8 26. Rd1 Re8 27. Bd3
Nf4 28. Bxf4 Bxf4 29. Ne3 Bxd3 30. Rxd3 Bxe3 31. Qxe3 Qc7 32. Qd2 Qe5 33. Rd7
a5 34. a4 h6 35. Kf2 Re6 36. Qd3 Rg6 37. g4 Qh2+ 38. Ke3 Qxh3 39. Qd5 Rf6 40.
e5 Re6 41. Qe4 Re8 42. Qf5 Rf8 43. e6 fxe6 44. Qxe6+ Kh8 45. Qe4 Qh1 46. Ke2
Qg2+ 47. Ke3 Qg1+ 48. Kd2 Qa1 49. Kc2 Qa2+ 50. Kc3 Qa1+ 51. Kc4 Qf1+ 52. Rd3
Qc1+ 53. Kb5 Qf1 54. Kxb6 c4 55. bxc4 Qb1+ 56. Kc7 Qb4 57. Qc6 Qb8+ 58. Kd7
Rd8+ 59. Ke7 Rxd3 60. c5 Qd8+ 61. Ke6 Re3+ 62. Kf7 Qe7+ 63. Kg6 Re6+ 0-1

[Event "4rd Memory of Nebesna Sotnya-2017 B"]
[Site "Lutsk"]
[Date "2017.02.17"]
[Round "15.5"]
[White "Budnikov, Oleg"]
[Black "Zubarev, Alexander"]
[Result "0-1"]
[WhiteElo "2418"]
[BlackElo "2402"]
[PlyCount "142"]
[EventDate "2017.02.17"]
[EventType "swiss (blitz)"]
[EventRounds "15"]
[EventCountry "UKR"]

1. Nf3 c5 2. e4 Nc6 3. d3 g6 4. g3 Bg7 5. Bg2 d6 6. O-O e5 7. c3 Nge7 8. Nbd2
O-O 9. Re1 h6 10. a3 b6 11. b4 a6 12. Rb1 b5 13. bxc5 dxc5 14. Nb3 c4 15. dxc4
bxc4 16. Qxd8 Rxd8 17. Nc5 Na5 18. Nd2 Nec6 19. Bf1 Bf8 20. Na4 Be6 21. Rb6
Rdb8 22. Bxc4 Nxc4 23. Nxc4 Bxc4 24. Rxc6 Bb5 25. Rc5 Bxa4 26. Rxe5 Bg7 27. Rc5
Rc8 28. Be3 Bf8 29. Rxc8 Rxc8 30. Bd4 Bb5 31. Ra1 Rc4 32. f3 Be7 33. Kf2 f6 34.
f4 Kf7 35. Re1 Bxa3 36. e5 fxe5 37. Rxe5 Bd6 38. Re1 Bc5 39. Ke3 Bxd4+ 40. cxd4
Ke6 41. Kd3+ Kd6 42. Ke3 Rc3+ 43. Kd2 Rd3+ 44. Kc2 Rxd4 45. Re5 Rc4+ 46. Kb3
Rc5 47. Re1 h5 48. Kb2 a5 49. Kb3 Rc4 50. Rd1+ Kc5 51. Re1 a4+ 52. Kb2 Rb4+ 53.
Ka1 Bd3 54. Re8 Kc4 55. h3 Kb3 56. Re3 Kc2 57. g4 a3 58. f5 gxf5 59. gxf5 Rf4
60. f6 Bc4 61. Re1 Rxf6 62. h4 Rf1 63. Rxf1 Bxf1 64. Ka2 Kd3 65. Kxa3 Ke3 66.
Kb2 Kf4 67. Kc3 Kg4 68. Kd2 Kxh4 69. Ke1 Ba6 70. Kf2 Kh3 71. Kg1 Kg3 0-1